Indian natural rubber sector: An overview (Record no. 52387)

MARC details
000 -LEADER
fixed length control field 00552nam a2200145Ia 4500
100 ## - MAIN ENTRY--AUTHOR NAME
Personal name Desalphine S.M.
245 #0 - TITLE STATEMENT
Title Indian natural rubber sector: An overview
260 ## - PUBLICATION, DISTRIBUTION, ETC. (IMPRINT)
Name of publisher Proceedings of International Conference and Exhibition on Rubber and Allied Materials, Asia Rubber Tech Expo,-2002, 28-30 November 2002, New Delhi, India, pp.1-2
Year of publication 2002
650 ## - SUBJECT ADDED ENTRY--TOPICAL TERM
Topical Term Indian rubber industry
650 ## - SUBJECT ADDED ENTRY--TOPICAL TERM
Topical Term Rubber consumption
650 ## - SUBJECT ADDED ENTRY--TOPICAL TERM
Topical Term Rubber plantation industry
650 ## - SUBJECT ADDED ENTRY--TOPICAL TERM
Topical Term Rubber production
942 ## - ADDED ENTRY ELEMENTS (KOHA)
Koha item type Bibliography STAF
Holdings
Withdrawn status Lost status Damaged status Not for loan Home library Current library Date acquired Koha item type
      Bibliography RRII Library RRII Library 09/04/2014 Bibliography STAF